Sports Quiz

Random Sports or Basketball Quiz

NBA Lottery Winning Teams Quiz Stats

 Plays Quiz Updated Jun 24, 2016

Challenge
Share
Tweet
Embed
Score 0/34 Timer 05:00
0 Plays Today
Year Team % Correct
1985New York Knicks
96.6%
2003Cleveland Cavaliers
93.9%
1992Orlando Magic
93.7%
1997San Antonio Spurs
93.3%
2002Houston Rockets
92.9%
1996Philadelphia 76ers
92.8%
2008Chicago Bulls
92.7%
2009Los Angeles Clippers
92.5%
2011Cleveland Cavaliers (via trade)
92.1%
2004Orlando Magic
91.6%
1987San Antonio Spurs
91.2%
2010Washington Wizards
90.3%
2012New Orleans Hornets
90%
2016Philadelphia 76ers
85.2%
2015Minnesota Timberwolves
85%
2017Philadelphia 76ers (via trade)
84.7%
2014Cleveland Cavaliers
82.5%
Year Team % Correct
2007Portland Trail Blazers
82.4%
2018Phoenix Suns
80.9%
2013Cleveland Cavaliers
80.2%
2005Milwaukee Bucks
76.2%
2006Toronto Raptors
67.7%
1986Philadelphia 76ers (via trade)
65.4%
1991Charlotte Hornets
65%
2001Washington Wizards
61.4%
2000New Jersey Nets
61.2%
1998Los Angeles Clippers
57%
1999Chicago Bulls
52.4%
1993Orlando Magic
52.3%
1994Milwaukee Bucks
50.3%
1988Los Angeles Clippers
48.4%
1990New Jersey Nets
47.3%
1995Golden State Warriors
33%
1989Sacramento Kings
25.5%

You're not logged in!

Compare scores with friends on all Sporcle quizzes.
Join for Free
OR
Log In

You Might Also Like...

Show Comments

Extras

Top Quizzes Today


Score Distribution

Your Account Isn't Verified!

In order to create a playlist on Sporcle, you need to verify the email address you used during registration. Go to your Sporcle Settings to finish the process.

Report this User

Report this user for behavior that violates our Community Guidelines.

Details: